Les silences du colonel Bramble (Record no. 5786)

MARC details
000 -CABECERA
campo de control de longitud fija 00571nam a2200217 a 4500
001 - NÚMERO DE CONTROL
campo de control BRCA_6099
005 - FECHA Y HORA DE LA ÚLTIMA TRANSACCIÓN
campo de control 20190320205332.0
008 - DATOS DE LONGITUD FIJA--INFORMACIÓN GENERAL
campo de control de longitud fija 220611s1922----fr-#######---#000-1#fre-#
041 ## - CÓDIGO DE LENGUA
Código de lengua del texto/banda sonora o título independiente fre
044 ## - CÓDIGO DEL PAÍS DE LA ENTIDAD EDITORA/PRODUCTORA
Código MARC del país fr
050 #4 - SIGNATURA TOPOGRÁFICA DE LA BIBLIOTECA DEL CONGRESO
Número de clasificación PQ2625 .A95
Número de documento/Ítem .S55
-- 1922
100 1# - ENTRADA PRINCIPAL--NOMBRE DE PERSONA
Nombre de persona Maurois, Andre
9 (RLIN) 15420
245 10 - MENCIÓN DE TÍTULO
Título Les silences du colonel Bramble
Mención de responsabilidad, etc. Andre Maurois.
260 ## - PUBLICACIÓN, DISTRIBUCIÓN, ETC.
Lugar de publicación, distribución, etc. París
Nombre del editor, distribuidor, etc. Larousse
Fecha de publicación, distribución, etc. 1922
300 ## - DESCRIPCIÓN FÍSICA
Extensión 214 p.
Dimensiones 18 cm.
500 ## - NOTA GENERAL
Nota general I23
650 14 - PUNTO DE ACCESO ADICIONAL DE MATERIA--TÉRMINO DE MATERIA
Término de materia o nombre geográfico como elemento de entrada Guerra Europea
Término indicativo de función/relación Novela
Subdivisión cronológica 1914-1918
9 (RLIN) 14945
650 14 - PUNTO DE ACCESO ADICIONAL DE MATERIA--TÉRMINO DE MATERIA
Término de materia o nombre geográfico como elemento de entrada Literatura francesa
9 (RLIN) 15421
902 ## - CATALOGADOR
Iniciales GFM
942 ## - ELEMENTOS DE PUNTO DE ACCESO ADICIONAL (KOHA)
Fuente del sistema de clasificación o colocación Library of Congress Classification
Tipo de ítem Koha Libros
Holdings
Estado de retiro Estado de pérdida Estado dañado No para préstamo Localización permanente Ubicación/localización actual Fecha de adquisición Número de inventario Total de préstamos Signatura topográfica completa Código de barras Fecha visto por última vez Precio válido a partir de Tipo de ítem Koha
El ejemplar forma parte de la colección y puede ser consultado según las políticas vigentes.       Biblioteca del Museo Franz Mayer (Rogerio Casas-Alatriste) Biblioteca del Museo Franz Mayer (Rogerio Casas-Alatriste) 22/06/2011 I23   PQ2625 .A95 .S55 1922 (I23) 6538 22/03/2019 22/03/2019 Libros